00756nam a2200241Ia 450000500170000000800410001702000220005804000190008004100120009908200130011110000200012424500890014426000390023330000100027263000320028263000170031465000170033165100300034885000110037894200070038999900160039695201020041220231121095326.0131103s9999 xx 000 0 und d a761995730cRs 295 aLoreto College aEnglish a323bSOM aSommer, John G. aEmpowering the Oppressed b Grassroots Advocacy Movements in India cJohn G. Sommer aNew DelhibSage Publicationsc2001 a206p  aDalits, Civil Rights, India aHuman Rights aCivil Rights aPoor, Civil Rights, India aLCLIB  cBK c7868d58347 00102ddc4070aMAINbMAINd2013-11-04l0o323 SOM 44133pB7740r2013-11-04w2013-11-04yBKf